The Walking Dead Comic Characters Quiz Stats

 Plays Quiz Updated Nov 25, 2015

Challenge
Share
Tweet
Score 0/30 Timer 05:00
1 Play Today
% Correct
Rick
92.1%
Glenn
88.9%
Carl
88.3%
Shane
83.8%
Michonne
82.3%
Andrea
80.3%
Lori
79.6%
Carol
78.6%
Maggie
77.4%
The Governor
74.1%
Dale
69.9%
Tyrese
68.5%
Negan
67.6%
Hershel
65.4%
Abraham
64%
% Correct
Morgan
61.6%
Eugene
61.4%
Jesus
59.2%
Rosita
57.9%
Sophia
57%
Gabriel
53.8%
Amy
46.9%
Dwight
45.3%
Heath
41.1%
Duane
40.8%
Axel
38%
Martinez
32.8%
Allen
28.3%
Holly
27.7%
Donna
23.1%

You're not logged in!

Compare scores with friends on all Sporcle quizzes.
OR
Log In

You Might Also Like...

Show Comments

Extras

Top Quizzes Today


Score Distribution

Your Account Isn't Verified!

In order to create a playlist on Sporcle, you need to verify the email address you used during registration. Go to your Sporcle Settings to finish the process.

Report this User

Report this user for behavior that violates our Community Guidelines.

Details: